تدريس النصوص الأدبية فى برامج تعليم اللغة العربية للأجانب على ضوء الدراسات التربوية واللغوية الحديثة /
Saved in:
| Main Author: | |
|---|---|
| Other Authors: | |
| Format: | Thesis |
| Language: | Arabic |
| Published: |
الخرطوم
: معهد الخرطوم الدولى للغة العربية،
1988
|
| Subjects: | |
| Tags: |
Add Tag
No Tags, Be the first to tag this record!
|
| LEADER | 015040000a22003130004500 | ||
|---|---|---|---|
| 001 | 64074 | ||
| 005 | 20091201114200.0 | ||
| 008 | 930212s1988 ara | ||
| 035 | |a 234395 | ||
| 035 | |a (Sirsi) 64074 | ||
| 040 | |a UIAM |b eng | ||
| 049 | |b m | ||
| 050 | |a PJ6120 | ||
| 100 | 1 | |a روبلى، عثمان عبد الله | |
| 245 | 1 | 0 | |a تدريس النصوص الأدبية فى برامج تعليم اللغة العربية للأجانب على ضوء الدراسات التربوية واللغوية الحديثة / |c اعداد عثمان عبد الله روبلى |
| 246 | 1 | 3 | |a Tadris al-nusus al-adabiyah fi baramij ta'lim al-lughah al-'Arabiyah lil-ajanib 'ala daw' al-dirasat al-tarbawiyah wa-al-lughawiyah al-hadithah / |c i'dad 'Uthman 'Abd Allah Rubili |
| 260 | 1 | |a الخرطوم |b : معهد الخرطوم الدولى للغة العربية، |c 1988 | |
| 300 | |a 94p. | ||
| 502 | |a M.A. - Ma'had al-Khurtum al-Dawli lil-Lughat al-'Arabiyah | ||
| 533 | |a One copy | ||
| 596 | |a 1 | ||
| 650 | 0 | |a Arabic language |x Readers | |
| 650 | 0 | |a Arabic language |x Study and teaching Foreign speakers | |
| 700 | 1 | |a Rubili, 'Uthman 'Abd Allah | |
| 710 | 1 | |a Ma'had al-Khartum al-Dawli lil-Lughah al-'Arabiyah | |
| 710 | 2 | |a Munazzamah al-'Arabiyah lil-Tarbiyah wa-al-Thaqafah wa-al-'Ulum | |
| 900 | |a checked a r r 061193 | ||
| 999 | |c 430168 |d 461659 | ||
| 952 | |0 0 |6 T PJ 006120 R896T |7 0 |8 THESES |9 749286 |a IIUM |b IIUM |c MULTIMEDIA |g 0.00 |o t PJ6120R896T |p 00000062595 |r 2017-10-20 |t 1 |v 0.00 |y THESIS | ||
